[Event "Lynn Stringer mem"]
[Site "Sidney CAN"]
[Date "2023.08.19"]
[Round "3.9"]
[White "Olden-Cooligan, Ben"]
[Black "Murphy, Owen"]
[Result "1-0"]
[WhiteElo "1920"]
[BlackElo "1433"]
[PlyCount "63"]
[EventDate "2023.08.19"]
[EventType "swiss"]
[EventRounds "5"]
[EventCountry "CAN"]

1. d4 d5 2. c4 dxc4 3. Nf3 Nf6 4. e3 e6 5. Bxc4 c5 6. O-O a6 7. Bb3 b6 8. Nc3
Bb7 9. Qe2 Nbd7 10. Rd1 Qc7 11. e4 cxd4 12. Nxd4 Bc5 13. Bg5 Qe5 14. Nf3 Qc7
15. Rac1 Ng4 16. Bh4 Bc6 17. Nd5 Qb7 18. Nd4 Bxd4 19. Rxd4 Nge5 20. Nc3 O-O 21.
Rcd1 Ng6 22. Bg3 Nf6 23. f3 e5 24. Rd6 Ne8 25. Rxc6 Qxc6 26. Bd5 Qc8 27. Bxa8
Qxa8 28. Nd5 Qb7 29. Rc1 f6 30. Qc4 Rf7 31. Qc6 b5 32. Qxe8+ 1-0

[Event "Lynn Stringer mem"]
[Site "Sidney CAN"]
[Date "2023.08.19"]
[Round "3.10"]
[White "Wu, Nicholas Pei-Chang"]
[Black "Barbosa Landre, Geraldo"]
[Result "1-0"]
[WhiteElo "1610"]
[BlackElo "1872"]
[PlyCount "71"]
[EventDate "2023.08.19"]
[EventType "swiss"]
[EventRounds "5"]
[EventCountry "CAN"]

1. d4 e6 2. Bf4 d5 3. e3 c5 4. c3 cxd4 5. exd4 Bd6 6. Bg3 Nf6 7. Nd2 O-O 8.
Ngf3 b6 9. Bd3 Bb7 10. Ne5 Ne4 11. f3 Nxd2 12. Kxd2 Nc6 13. f4 g6 14. h4 f6 15.
Nxg6 hxg6 16. Qg4 Kf7 17. Bxg6+ Ke7 18. Rae1 Kd7 19. Rxe6 Kc7 20. f5 Bxg3 21.
Qxg3+ Kc8 22. h5 Qc7 23. Qe3 Kb8 24. h6 a6 25. h7 Ka7 26. Re8 Raxe8 27. Bxe8
Qg7 28. Bg6 Bc8 29. g4 Rh8 30. Qh6 Qxh6+ 31. Rxh6 Ne7 32. Rh1 Nxf5 33. gxf5 Bd7
34. Re1 Kb8 35. Re7 Kc8 36. Rg7 1-0

[Event "Lynn Stringer mem"]
[Site "Sidney CAN"]
[Date "2023.08.20"]
[Round "4.1"]
[White "Yang, Jingyun (Ryan)"]
[Black "Liu, Zachary"]
[Result "1/2-1/2"]
[WhiteElo "2186"]
[BlackElo "2066"]
[PlyCount "112"]
[EventDate "2023.08.19"]
[EventType "swiss"]
[EventRounds "5"]
[EventCountry "CAN"]

1. e4 c5 2. Nc3 Nc6 3. Nf3 e5 4. Bc4 Be7 5. d3 d6 6. a4 Be6 7. Nd5 Nf6 8. O-O
O-O 9. c3 Qd7 10. Ne3 d5 11. exd5 Nxd5 12. Bb5 Nxe3 13. fxe3 Qc7 14. Bxc6 bxc6
15. e4 Rfd8 16. Be3 Qd6 17. d4 cxd4 18. cxd4 exd4 19. Qxd4 Qxd4 20. Nxd4 Bc5
21. Nc2 Bxe3+ 22. Nxe3 Rd2 23. Rf2 Rxf2 24. Kxf2 Rb8 25. Rb1 Ba2 26. Rd1 Rxb2+
27. Kf3 Rb8 28. Rd7 Ra8 29. Rc7 a5 30. Rxc6 Bb3 31. Rc5 Bxa4 32. Nc4 Bd1+ 33.
Ke3 a4 34. Nb6 Re8 35. Kd2 Bb3 36. Ra5 h6 37. Nxa4 Rxe4 38. Nc5 Rg4 39. Nxb3
Rxg2+ 40. Ke1 Rxh2 41. Kf1 Rh4 42. Nd2 Rf4+ 43. Kg2 g6 44. Nf3 Kg7 45. Kg3 Re4
46. Rb5 Re7 47. Rb6 Re6 48. Rb5 f5 49. Nd4 Re3+ 50. Kf2 f4 51. Nf5+ gxf5 52.
Rxf5 Rg3 53. Rxf4 Rg6 54. Rf3 Kh7 55. Rf7+ Kg8 56. Ra7 Rg5 1/2-1/2

[Event "Lynn Stringer mem"]
[Site "Sidney CAN"]
[Date "2023.08.20"]
[Round "4.2"]
[White "Sali, Zulfikar"]
[Black "Qu, Leo"]
[Result "1-0"]
[WhiteElo "2290"]
[BlackElo "2197"]
[PlyCount "104"]
[EventDate "2023.08.19"]
[EventType "swiss"]
[EventRounds "5"]
[EventCountry "CAN"]

1. e4 c6 2. d4 d5 3. f3 dxe4 4. fxe4 e5 5. Nf3 Bg4 6. Bc4 Nd7 7. c3 Bd6 8. O-O
Ngf6 9. Be3 O-O 10. Nbd2 b5 11. Bd3 a6 12. h3 Bxf3 13. Qxf3 c5 14. d5 c4 15.
Bc2 Bc5 16. Kh2 Qb6 17. Bxc5 Qxc5 18. a3 a5 19. Qe2 Rac8 20. Rae1 g6 21. g4 Kg7
22. Qg2 Qd6 23. Bd1 Nc5 24. Re3 Nd3 25. b4 Ne8 26. Qg3 axb4 27. axb4 g5 28. Bc2
Nf4 29. Ra1 Qb6 30. Ree1 Nd6 31. Nf1 Ra8 32. Qf3 f6 33. Ne3 Ra6 34. Nf5+ Nxf5
35. exf5 Re8 36. Rad1 Ra2 37. Rd2 Rd8 38. Red1 Rd6 39. Be4 Qa7 40. Qg3 Ne2 41.
Rxa2 Qxa2 42. Qe3 Nxc3+ 43. Rd2 Qa1 44. Bg2 e4 45. Qc5 Qa6 46. Qc7+ Kg8 47. Rc2
Nxd5 48. Qb8+ Kg7 49. Ra2 Rb6 50. Qd8 Qb7 51. Kh1 Nf4 52. Ra8 Qf7 1-0

[Event "Lynn Stringer mem"]
[Site "Sidney CAN"]
[Date "2023.08.20"]
[Round "4.3"]
[White "Gansvind, Valeria"]
[Black "Zhu, Brandon"]
[Result "0-1"]
[WhiteElo "2171"]
[BlackElo "2181"]
[PlyCount "106"]
[EventDate "2023.08.19"]
[EventType "swiss"]
[EventRounds "5"]
[EventCountry "CAN"]

1. d4 d5 2. Nf3 e6 3. Bf4 Bd6 4. e3 Nf6 5. Bd3 O-O 6. Nbd2 b6 7. Ne5 c5 8. c3
Ba6 9. Bxa6 Nxa6 10. Qa4 Nb8 11. h3 Qc7 12. Bh2 Ne8 13. Qd1 f6 14. Nef3 Bxh2
15. Nxh2 Nc6 16. O-O Rd8 17. Qe2 e5 18. dxc5 bxc5 19. Qb5 Qb6 20. Qxb6 axb6 21.
Rfd1 Nc7 22. Rac1 Ra8 23. a3 Rfd8 24. Nhf1 Kf7 25. Ng3 Ke6 26. Re1 f5 27. h4 g6
28. Nf3 h6 29. Ne2 Kf6 30. Nd2 g5 31. hxg5+ hxg5 32. f3 Rd7 33. Kf2 Rh8 34. Rh1
Rdh7 35. Rxh7 Rxh7 36. Rd1 Rh4 37. c4 d4 38. e4 f4 39. Nc1 Rh8 40. Nd3 Ne6 41.
Rb1 Ra8 42. Rh1 Kg7 43. Ke2 Nf8 44. Rh5 Nh7 45. b4 Rxa3 46. bxc5 bxc5 47. Nxc5
d3+ 48. Kf2 Ra2 49. Ncb3 Na5 50. Nxa5 Rxd2+ 51. Kf1 Kg6 52. Rh3 g4 53. Rh4 Rd1+
0-1

[Event "Lynn Stringer mem"]
[Site "Sidney CAN"]
[Date "2023.08.20"]
[Round "4.4"]
[White "Sardari, Reza"]
[Black "Mohammed Qanee, Arpak Worya"]
[Result "0-1"]
[WhiteElo "1994"]
[BlackElo "2149"]
[PlyCount "116"]
[EventDate "2023.08.19"]
[EventType "swiss"]
[EventRounds "5"]
[EventCountry "CAN"]

1. e4 c5 2. f4 d5 3. Bb5+ Nc6 4. exd5 Qxd5 5. Qf3 Qxf3 6. Nxf3 Bd7 7. c3 e6 8.
O-O Bd6 9. d3 a6 10. Ba4 Nf6 11. Ng5 O-O 12. Na3 b5 13. Bd1 e5 14. Nc2 h6 15.
fxe5 Nxe5 16. Nf3 Nxd3 17. Nfe1 Nxc1 18. Rxc1 Bc6 19. Bf3 Bxf3 20. Nxf3 Rfe8
21. Rfe1 Bf4 22. Rcd1 Rxe1+ 23. Rxe1 Kf8 24. g3 Bc7 25. c4 Rd8 26. b3 bxc4 27.
bxc4 Rd3 28. Re3 Rd1+ 29. Re1 Rxe1+ 30. Nfxe1 Ne4 31. Nd3 Bd6 32. Kg2 g6 33.
Ne3 Nc3 34. a3 f5 35. Kf3 Kf7 36. h3 h5 37. Nc2 Ne4 38. g4 Nd2+ 39. Ke2 Nxc4
40. gxf5 gxf5 41. a4 Kf6 42. Na1 Nb6 43. a5 Nd5 44. Nc2 Kg5 45. Kf3 Nb4 46.
Nde1 Nc6 47. Nd3 c4 48. Nb2 Ne5+ 49. Kg2 Bc7 50. Na4 Bxa5 51. Nc5 Bc7 52. Nxa6
Bd6 53. Nab4 Bxb4 54. Nxb4 c3 55. Nc2 Kf4 56. Kf2 Ke4 57. Ke2 f4 58. Ne1 f3+
0-1

[Event "Lynn Stringer mem"]
[Site "Sidney CAN"]
[Date "2023.08.20"]
[Round "4.5"]
[White "Wu, Nathan Ping-Ying"]
[Black "Olden-Cooligan, Ben"]
[Result "0-1"]
[WhiteElo "2105"]
[BlackElo "1920"]
[PlyCount "70"]
[EventDate "2023.08.19"]
[EventType "swiss"]
[EventRounds "5"]
[EventCountry "CAN"]

1. d4 d5 2. Nc3 Nf6 3. Bf4 c6 4. e3 Bf5 5. f3 e6 6. g4 Bg6 7. h4 h5 8. g5 Nfd7
9. Bd3 Bxd3 10. Qxd3 g6 11. Nge2 Bg7 12. O-O-O O-O 13. e4 Nb6 14. exd5 cxd5 15.
Nb5 Nc6 16. Bd6 Re8 17. Bc5 Nc4 18. b3 b6 19. bxc4 bxc5 20. cxd5 exd5 21. dxc5
Qa5 22. Ned4 Nxd4 23. Nxd4 Qxa2 24. c3 Rab8 25. Nc2 Be5 26. Nb4 Bf4+ 27. Rd2
Bxd2+ 28. Qxd2 Qa1+ 29. Kc2 Qxh1 30. c6 Qxf3 31. Kb3 Rec8 32. Qh2 Qe4 33. Qa2
Qc4+ 34. Kb2 Rxb4+ 35. cxb4 Qxb4+ 0-1

[Event "Lynn Stringer mem"]
[Site "Sidney CAN"]
[Date "2023.08.20"]
[Round "4.6"]
[White "Wu, Nicholas Pei-Chang"]
[Black "Zhang, Raymond Tangning"]
[Result "1/2-1/2"]
[WhiteElo "1610"]
[BlackElo "1730"]
[PlyCount "70"]
[EventDate "2023.08.19"]
[EventType "swiss"]
[EventRounds "5"]
[EventCountry "CAN"]

1. d4 e6 2. Nc3 Nf6 3. e4 d5 4. e5 Nfd7 5. f4 c5 6. Nf3 Nc6 7. Be3 a6 8. Qd2 b5
9. dxc5 Bxc5 10. Qf2 Qb6 11. Bxc5 Qxc5 12. Bd3 Qxf2+ 13. Kxf2 Nc5 14. a3 O-O
15. b4 Nxd3+ 16. cxd3 Bd7 17. Rhc1 f6 18. Ke2 fxe5 19. Nxe5 Nxe5 20. fxe5 a5
21. d4 Rfc8 22. Kd2 Rc4 23. Ne2 axb4 24. axb4 Rxa1 25. Rxa1 Rxb4 26. Ra7 Bc8
27. Kc3 Rc4+ 28. Kb3 h6 29. Ra8 Kh7 30. Rb8 Bd7 31. Rb7 Bc8 32. Rxb5 Kg6 33.
Rb8 Kf7 34. Nc3 Ke7 35. Nb5 Bd7 1/2-1/2

[Event "Lynn Stringer mem"]
[Site "Sidney CAN"]
[Date "2023.08.20"]
[Round "4.7"]
[White "Koo, Minjun"]
[Black "Wu, Jonathan"]
[Result "0-1"]
[WhiteElo "1717"]
[BlackElo "2026"]
[PlyCount "62"]
[EventDate "2023.08.19"]
[EventType "swiss"]
[EventRounds "5"]
[EventCountry "CAN"]

1. Nf3 Nf6 2. g3 g6 3. b3 Bg7 4. Bb2 O-O 5. Bg2 c5 6. c4 Nc6 7. O-O d5 8. cxd5
Qxd5 9. Nc3 Qh5 10. Na4 Bh3 11. Rc1 b6 12. Nh4 Bxg2 13. Kxg2 Rfd8 14. Nf3 e5
15. Ne1 e4 16. Nc3 e3 17. Nd3 Ng4 18. h3 Nxf2 19. Rxf2 exf2 20. Nxf2 Nd4 21. e3
Qxd1 22. Rxd1 Nc6 23. a3 Na5 24. b4 Nc4 25. Bc1 cxb4 26. axb4 Nxe3+ 27. dxe3
Bxc3 28. b5 Rxd1 29. Nxd1 Bf6 30. Kf2 Rc8 31. Bd2 Rc5 0-1

[Event "Lynn Stringer mem"]
[Site "Sidney CAN"]
[Date "2023.08.20"]
[Round "4.8"]
[White "Patterson, Roger"]
[Black "Yonkman, Trevor"]
[Result "1-0"]
[WhiteElo "2016"]
[BlackElo "1696"]
[PlyCount "41"]
[EventDate "2023.08.19"]
[EventType "swiss"]
[EventRounds "5"]
[EventCountry "CAN"]

1. c4 Nf6 2. Nc3 d5 3. cxd5 Nxd5 4. Nf3 c5 5. Qb3 Nb6 6. e3 e6 7. Be2 Be7 8.
O-O O-O 9. d4 Nc6 10. dxc5 Bxc5 11. Rd1 Qc7 12. Bd2 Bd7 13. Rac1 Na5 14. Qc2
Bb4 15. Qe4 Nac4 16. Be1 f5 17. Qh4 Ne5 18. Qxb4 Bc6 19. Nd4 Rf6 20. Nxc6 bxc6
21. Qd6 1-0

[Event "Lynn Stringer mem"]
[Site "Sidney CAN"]
[Date "2023.08.20"]
[Round "4.9"]
[White "Yu, Ryan Bole"]
[Black "Lehingrat, Callum"]
[Result "0-1"]
[WhiteElo "1582"]
[BlackElo "2010"]
[PlyCount "102"]
[EventDate "2023.08.19"]
[EventType "swiss"]
[EventRounds "5"]
[EventCountry "CAN"]

1. e4 c5 2. Nf3 d6 3. d4 cxd4 4. Nxd4 Nf6 5. Nc3 a6 6. Be3 e6 7. f3 b5 8. Qd2
Nbd7 9. g4 Nb6 10. O-O-O Bb7 11. Qf2 Nfd7 12. Bd3 Rc8 13. Kb1 b4 14. Nce2 d5
15. Nb3 Nc4 16. exd5 Bxd5 17. Nf4 Nxe3 18. Qxe3 Bxb3 19. cxb3 Bc5 20. Qe4 Qb6
21. Nd5 Qc6 22. Bc2 Nb6 23. Nxb6 Qxb6 24. h4 a5 25. g5 Qc6 26. Qd3 Ke7 27. h5
g6 28. Qe2 Bd6 29. Rd4 Qc5 30. Rhd1 Rhd8 31. hxg6 hxg6 32. f4 Bb8 33. Rc4 Qb6
34. Rxc8 Rxc8 35. f5 gxf5 36. Bxf5 Rc5 37. Rf1 Re5 38. Be4 Qd4 39. Re1 Rxg5 40.
Rd1 Qe5 41. Qd3 Qc7 42. Qf3 Qf4 43. Qd3 Bd6 44. Rf1 Qe5 45. Qf3 f5 46. Bd3 Rg3
47. Qb7+ Kf6 48. Bc2 Qd4 49. Qh7 Be5 50. Qh6+ Rg6 51. Qh8+ Ke7 0-1

[Event "Lynn Stringer mem"]
[Site "Sidney CAN"]
[Date "2023.08.20"]
[Round "4.10"]
[White "Wu, Howard"]
[Black "Allan, Phil"]
[Result "1/2-1/2"]
[WhiteElo "2045"]
[BlackElo "1650"]
[PlyCount "106"]
[EventDate "2023.08.19"]
[EventType "swiss"]
[EventRounds "5"]
[EventCountry "CAN"]

1. e4 d6 2. c4 Nf6 3. Nc3 g6 4. d4 Bg7 5. Be2 O-O 6. Nf3 e5 7. O-O Nc6 8. d5
Ne7 9. Ne1 Nd7 10. Be3 f5 11. f3 b6 12. b4 a5 13. a3 Kh8 14. Nd3 Ng8 15. c5
bxc5 16. bxc5 Ba6 17. Rc1 Bh6 18. f4 Ngf6 19. exf5 gxf5 20. c6 Bxd3 21. Qxd3
exf4 22. Bxf4 Nc5 23. Qh3 Bg7 24. Bh6 Bxh6 25. Qxh6 Nfe4 26. Nb5 Qe7 27. Qf4
Qg7 28. Bc4 Rae8 29. Rc2 a4 30. Rd1 Re5 31. Nd4 Qg6 32. Nf3 Re7 33. Bf1 Qf6 34.
h3 Rb8 35. Nd4 Re5 36. Bc4 Rf8 37. Kh2 Rg8 38. Rf1 Ng3 39. Rd1 Re4 40. Qf2 f4
41. Nf3 Re7 42. Qd4 Qxd4 43. Rxd4 Re3 44. Rxf4 Rxa3 45. h4 Nh5 46. Rf5 Ng3 47.
Rf7 Ra1 48. Ng5 Rxg5 49. hxg5 Nce4 50. Kh3 Nxg5+ 51. Kxg3 Nxf7 52. Rb2 Ra3+ 53.
Kf4 Ne5 1/2-1/2

[Event "Lynn Stringer mem"]
[Site "Sidney CAN"]
[Date "2023.08.20"]
[Round "5.1"]
[White "Liu, Zachary"]
[Black "Sali, Zulfikar"]
[Result "1-0"]
[WhiteElo "2066"]
[BlackElo "2290"]
[PlyCount "67"]
[EventDate "2023.08.19"]
[EventType "swiss"]
[EventRounds "5"]
[EventCountry "CAN"]

1. e4 c5 2. Nf3 d6 3. d4 cxd4 4. Nxd4 Nf6 5. Nc3 a6 6. Bg5 e6 7. f4 Be7 8. Qf3
Qc7 9. O-O-O Nbd7 10. g4 b5 11. Bxf6 Nxf6 12. g5 Nd7 13. f5 O-O 14. h4 b4 15.
Nce2 Bb7 16. Ng3 d5 17. fxe6 dxe4 18. Qg4 Ne5 19. Qh3 Nd3+ 20. Bxd3 exd3 21.
Rhf1 dxc2 22. Rde1 b3 23. exf7+ Kh8 24. axb3 Rac8 25. Nge2 Bb4 26. Nc3 Qa5 27.
Kxc2 Bxc3 28. bxc3 Qa2+ 29. Kd3 Rcd8 30. Qe6 a5 31. Qb6 Bg2 32. Qxd8 Bxf1+ 33.
Rxf1 Qa3 34. b4 1-0

[Event "Lynn Stringer mem"]
[Site "Sidney CAN"]
[Date "2023.08.20"]
[Round "5.2"]
[White "Zhu, Brandon"]
[Black "Yang, Jingyun (Ryan)"]
[Result "0-1"]
[WhiteElo "2181"]
[BlackElo "2186"]
[PlyCount "194"]
[EventDate "2023.08.19"]
[EventType "swiss"]
[EventRounds "5"]
[EventCountry "CAN"]

1. Nf3 Nf6 2. g3 d5 3. Bg2 c6 4. O-O Bf5 5. d3 h6 6. c4 e6 7. Qb3 Qc8 8. Bf4
Nbd7 9. h4 Be7 10. Nc3 Nc5 11. Qd1 O-O 12. b4 Ncd7 13. Qb3 a5 14. a3 Re8 15.
Rac1 axb4 16. axb4 Qd8 17. cxd5 exd5 18. Rfe1 Qb6 19. e4 Be6 20. exd5 Nxd5 21.
Rxe6 fxe6 22. Bh3 Nf8 23. Be5 Qxb4 24. Qd1 Bf6 25. Ne4 Bxe5 26. Nxe5 Qb2 27.
Nc4 Qd4 28. Qe2 Ra1 29. Rxa1 Qxa1+ 30. Kg2 Nc3 31. Qh5 Nxe4 32. Qxe8 Nc5 33.
Nd6 Qf6 34. d4 Nd3 35. Ne4 Qf7 36. Qxf7+ Kxf7 37. Nd6+ Ke7 38. Nxb7 Ne1+ 39.
Kf1 Nf3 40. Bg2 Nxd4 41. Ke1 Nd7 42. f4 c5 43. g4 c4 44. Kd2 c3+ 45. Kxc3 Ne2+
46. Kd2 Nxf4 47. Be4 Nf6 48. Bf3 Ng6 49. g5 Ng8 50. gxh6 Nxh6 51. h5 Ne5 52.
Be2 Nf5 53. Nc5 Nd7 54. Ne4 Nf6 55. Ng5 Ng3 56. Bd3 Ngxh5 57. Ke1 Nf4 58. Bf1
Kd6 59. Kf2 e5 60. Kf3 Ne6 61. Nf7+ Kd5 62. Bc4+ Kxc4 63. Nxe5+ Kd5 64. Ng6
Nd4+ 65. Kf4 Nc6 66. Nf8 Ne5 67. Kf5 Ne8 68. Nh7 Nd6+ 69. Kf4 Ndf7 70. Kf5 Kd6
71. Nf6 g6+ 72. Kf4 Ke6 73. Ne4 Nd7 74. Nd2 Kf6 75. Ne4+ Kg7 76. Kg3 Nf6 77.
Nd2 Kh6 78. Nf3 Kh5 79. Kf4 Nd5+ 80. Kg3 Nf6 81. Kf4 Nd7 82. Kg3 Nc5 83. Kf4
Nd3+ 84. Kg3 Ng5 85. Nd4 Ne4+ 86. Kf3 Nec5 87. Kg3 g5 88. Nf3 Ne4+ 89. Kg2 Nf4+
90. Kh2 g4 91. Ne1 g3+ 92. Kg1 Ng5 93. Kf1 Kg4 94. Kg1 Nf3+ 95. Kh1 Nxe1 96.
Kg1 Nf3+ 97. Kh1 g2# 0-1

[Event "Lynn Stringer mem"]
[Site "Sidney CAN"]
[Date "2023.08.20"]
[Round "5.3"]
[White "Mohammed Qanee, Arpak Worya"]
[Black "Olden-Cooligan, Ben"]
[Result "1/2-1/2"]
[WhiteElo "2149"]
[BlackElo "1920"]
[PlyCount "89"]
[EventDate "2023.08.19"]
[EventType "swiss"]
[EventRounds "5"]
[EventCountry "CAN"]

1. d4 d5 2. Nf3 Nf6 3. c4 c6 4. cxd5 cxd5 5. Nc3 Nc6 6. Bf4 a6 7. e3 Bg4 8. Rc1
e6 9. Be2 Be7 10. Ne5 Nxe5 11. Bxe5 Bxe2 12. Qxe2 O-O 13. O-O Nd7 14. Bg3 Qa5
15. e4 dxe4 16. Qxe4 Qb4 17. d5 Qxe4 18. Nxe4 exd5 19. Rc7 Nf6 20. Nxf6+ Bxf6
21. Rxb7 Rac8 22. b4 Rc2 23. a4 Rd8 24. b5 axb5 25. axb5 d4 26. b6 d3 27. Rd1
d2 28. Kf1 Re8 29. Rb8 Rxb8 30. Bxb8 Rb2 31. Bc7 Bd4 32. Ke2 Bxb6 33. Bxb6 Rxb6
34. Rxd2 Kf8 35. Rd7 h5 36. h4 g6 37. g3 Kg7 38. Ke3 Kf6 39. Ke4 Rb4+ 40. Rd4
Rxd4+ 41. Kxd4 Kf5 42. f3 f6 43. Ke3 g5 44. hxg5 fxg5 45. Kf2 1/2-1/2

[Event "Lynn Stringer mem"]
[Site "Sidney CAN"]
[Date "2023.08.20"]
[Round "5.4"]
[White "Qu, Leo"]
[Black "Lehingrat, Callum"]
[Result "1-0"]
[WhiteElo "2197"]
[BlackElo "2010"]
[PlyCount "117"]
[EventDate "2023.08.19"]
[EventType "swiss"]
[EventRounds "5"]
[EventCountry "CAN"]

1. d4 Nf6 2. Nc3 d5 3. Bf4 a6 4. e3 b5 5. a3 e6 6. g4 h6 7. Qf3 Bb7 8. Qg3 c5
9. Bg2 Nc6 10. Nge2 Rc8 11. O-O g5 12. Be5 Nxe5 13. dxe5 Nd7 14. f4 Bg7 15.
Rad1 Qb6 16. Qf2 O-O 17. Ng3 b4 18. Nce2 a5 19. Nh5 Ba6 20. Bf3 f6 21. exf6
Nxf6 22. Nxg7 Kxg7 23. Rfe1 Rcd8 24. Ng3 bxa3 25. bxa3 Qb2 26. Qd2 Qxa3 27. Ra1
Qb4 28. Qxb4 cxb4 29. Rxa5 Bc4 30. f5 e5 31. e4 Rfe8 32. Ra7+ Kg8 33. Rb7 dxe4
34. Nxe4 Nxe4 35. Bxe4 Bd5 36. Rxb4 Bxe4 37. Rbxe4 Rd2 38. R1e2 Rxe2 39. Rxe2
e4 40. Kf2 Kg7 41. Ke3 h5 42. h3 Rc8 43. Kd4 h4 44. c4 Rd8+ 45. Kxe4 Rd1 46.
Rc2 Kf6 47. c5 Ke7 48. c6 Re1+ 49. Kf3 Kd8 50. c7+ Kc8 51. Re2 Rf1+ 52. Kg2 Rd1
53. Re7 Rd6 54. Kf3 Rd1 55. Rg7 Rh1 56. Kg2 Rd1 57. f6 Rd2+ 58. Kf3 Rd4 59. f7
1-0

[Event "Lynn Stringer mem"]
[Site "Sidney CAN"]
[Date "2023.08.20"]
[Round "5.5"]
[White "Zhang, Raymond Tangning"]
[Black "Gansvind, Valeria"]
[Result "0-1"]
[WhiteElo "1730"]
[BlackElo "2171"]
[PlyCount "110"]
[EventDate "2023.08.19"]
[EventType "swiss"]
[EventRounds "5"]
[EventCountry "CAN"]

1. d4 g6 2. Nf3 d6 3. c4 Bg7 4. Nc3 c6 5. e4 Bg4 6. Be2 Bxf3 7. Bxf3 Qb6 8. d5
Nd7 9. Qb3 Qc7 10. Be3 Ngf6 11. O-O O-O 12. Rac1 c5 13. Qc2 a6 14. a4 Rab8 15.
Be2 Rfc8 16. f4 Qd8 17. Kh1 b6 18. g4 Ne8 19. Qd2 Nc7 20. h4 e5 21. g5 exf4 22.
Bxf4 Qe7 23. Bg4 Re8 24. Bxd7 Qxd7 25. Qh2 Rbd8 26. Rce1 b5 27. axb5 axb5 28.
cxb5 Nxb5 29. Nxb5 Qxb5 30. Rf2 Qc4 31. Rfe2 Qa6 32. h5 Qd3 33. hxg6 Qf3+ 34.
Kg1 hxg6 35. Qf2 Bd4 36. Be3 Qg4+ 37. Qg2 Rxe4 38. Qxg4 Rxg4+ 39. Kf2 Bxe3+ 40.
Rxe3 Rxg5 41. Rd3 Rf5+ 42. Kg3 Kg7 43. Re4 Rb8 44. Re2 Rb4 45. Red2 Re4 46. b3
Ree5 47. Kg4 g5 48. Rd1 Rf4+ 49. Kg3 Kg6 50. R1d2 Rfe4 51. Kf3 g4+ 52. Kg3 Kg5
53. Ra2 Re3+ 54. Rxe3 Rxe3+ 55. Kf2 Rd3 0-1

[Event "Lynn Stringer mem"]
[Site "Sidney CAN"]
[Date "2023.08.20"]
[Round "5.7"]
[White "Jiang, Zihao William"]
[Black "Wu, Nathan Ping-Ying"]
[Result "1/2-1/2"]
[WhiteElo "1668"]
[BlackElo "2105"]
[PlyCount "137"]
[EventDate "2023.08.19"]
[EventType "swiss"]
[EventRounds "5"]
[EventCountry "CAN"]

1. e4 d5 2. exd5 Qxd5 3. Nc3 Qd6 4. d4 Nf6 5. Nf3 Bg4 6. Be3 c6 7. Bd3 e6 8. h3
Bh5 9. O-O Nbd7 10. Be2 Qc7 11. Qd2 Bd6 12. Nd1 O-O 13. c4 c5 14. Nc3 a6 15. d5
exd5 16. Nxd5 Nxd5 17. Qxd5 Nf6 18. Qd2 Rad8 19. Qc2 Rfe8 20. Rad1 Ne4 21. Rfe1
h6 22. Nd2 Bg6 23. Nxe4 Bxe4 24. Bd3 Bxd3 25. Rxd3 Be5 26. Red1 Rxd3 27. Rxd3
Bd4 28. Qd2 Bxe3 29. Rxe3 Rd8 30. Rd3 Rxd3 31. Qxd3 Qa5 32. a3 Qe1+ 33. Qf1 Qd2
34. Qb1 b5 35. cxb5 axb5 36. Qf5 Qd1+ 37. Kh2 Qd6+ 38. g3 Qc6 39. Qd3 g6 40.
Qe3 Kg7 41. Qe5+ Kh7 42. Qf4 Qe6 43. Qc1 Qe5 44. Qd2 Kg7 45. Kg2 Qe4+ 46. Kh2
Qc4 47. Qe3 Kh7 48. Qd2 b4 49. axb4 cxb4 50. Kg2 Qc6+ 51. Kh2 Qc4 52. Kg2 b3
53. Qe3 Qd5+ 54. Kh2 Qd1 55. Qf4 Kg7 56. Qe5+ Kh7 57. Qf4 Qd5 58. Qe3 h5 59.
Qf4 Kg7 60. Qe3 Qc4 61. Kg2 Qc2 62. Qd4+ Kg8 63. Qd8+ Kh7 64. Qf6 Qe4+ 65. Qf3
Qe6 66. Qe3 Qc6+ 67. Qf3 Qc4 68. Qe3 Qd5+ 69. Qf3 1/2-1/2

[Event "Lynn Stringer mem"]
[Site "Sidney CAN"]
[Date "2023.08.20"]
[Round "5.8"]
[White "Murphy, Owen"]
[Black "Sardari, Reza"]
[Result "1-0"]
[WhiteElo "1433"]
[BlackElo "1994"]
[PlyCount "141"]
[EventDate "2023.08.19"]
[EventType "swiss"]
[EventRounds "5"]
[EventCountry "CAN"]

1. e4 c5 2. Nf3 d6 3. d4 cxd4 4. Nxd4 Nf6 5. Nc3 a6 6. Bg5 Nbd7 7. Qd2 h6 8.
Bh4 e6 9. Be2 Be7 10. O-O-O Qc7 11. Bg3 b5 12. Bxb5 axb5 13. Ndxb5 Qc6 14.
Nxd6+ Kf8 15. f3 Ba6 16. Kb1 Rd8 17. e5 Nh5 18. f4 f5 19. Rhe1 g5 20. Ne2 Nb6
21. Nd4 Qd5 22. Nxe6+ Qxe6 23. Qa5 Be2 24. Rxe2 Nc4 25. Qd5 Qxd5 26. Rxd5 Nxg3
27. hxg3 Nxd6 28. exd6 Rxd6 29. Rxf5+ Bf6 30. a4 Kg7 31. Ka2 Ra8 32. a5 Kg6 33.
Rb5 Rda6 34. b4 Rc6 35. fxg5 hxg5 36. Kb1 Rd8 37. Kc1 Rh8 38. Re1 Bc3 39. Rd1
Re8 40. Rb6 Rxb6 41. axb6 Re6 42. Rd3 Bxb4 43. Rb3 Bd6 44. b7 Bb8 45. c4 Rc6
46. Rb4 Kf6 47. Kc2 Bxg3 48. Kb3 Bb8 49. Rb5 g4 50. c5 Ke5 51. Kc4 Ke4 52. Rb3
Bd6 53. b8=Q Rxc5+ 54. Kb4 Bxb8 55. Kxc5 Ba7+ 56. Kd6 Bf2 57. Ke6 g3 58. Rf3
Be1 59. Kf6 Bf2 60. Kg5 Ke5 61. Kg4 Ke4 62. Rxg3 Bxg3 63. Kxg3 Kf5 64. Kh4 Kf6
65. Kg4 Kg6 66. g3 Kh6 67. Kf5 Kh5 68. g4+ Kh6 69. Kf6 Kh7 70. g5 Kg8 71. Kg6
1-0

[Event "Lynn Stringer mem"]
[Site "Sidney CAN"]
[Date "2023.08.20"]
[Round "5.9"]
[White "Wu, Howard"]
[Black "Climenhaga, Harold"]
[Result "1-0"]
[WhiteElo "2045"]
[BlackElo "1764"]
[PlyCount "65"]
[EventDate "2023.08.19"]
[EventType "swiss"]
[EventRounds "5"]
[EventCountry "CAN"]

1. e4 c5 2. Nf3 d6 3. d4 cxd4 4. Nxd4 Nf6 5. Nc3 a6 6. Bg5 e6 7. f4 Be7 8. Qf3
Qc7 9. O-O-O Bd7 10. Bd3 Nc6 11. Nxc6 Bxc6 12. Kb1 Rc8 13. f5 d5 14. fxe6 fxe6
15. exd5 exd5 16. Qh3 Ne4 17. Bxe4 dxe4 18. Qe6 Rd8 19. Rxd8+ Qxd8 20. Rd1 Qc7
21. Nxe4 Bxe4 22. Qxe4 Rf8 23. Qxh7 Qe5 24. Bxe7 Kxe7 25. Qh4+ Kf7 26. a3 Qe2
27. Rd7+ Kg8 28. Rd8 Qf1+ 29. Ka2 Qf7+ 30. b3 Qc7 31. Qc4+ Qf7 32. Qxf7+ Kxf7
33. Rxf8+ 1-0

[Event "Lynn Stringer mem"]
[Site "Sidney CAN"]
[Date "2023.08.20"]
[Round "5.10"]
[White "Yonkman, Trevor"]
[Black "McLaren, Brian"]
[Result "0-1"]
[WhiteElo "1696"]
[BlackElo "2004"]
[PlyCount "62"]
[EventDate "2023.08.19"]
[EventType "swiss"]
[EventRounds "5"]
[EventCountry "CAN"]

{[%evp 0,17,19,38,58,58,58,62,62,25,23,14,13,13,60,68,129,78,80,86]} 1. e4 Nf6
2. e5 Nd5 3. c4 Nb6 4. d4 d6 5. f4 dxe5 6. fxe5 c5 7. d5 e6 8. Nc3 exd5 9. cxd5
c4 10. Bxc4 Qh4+ 11. g3 Qxc4 12. Nge2 Bc5 13. Nf4 Bd4 14. e6 Bxc3+ 15. bxc3
Qxc3+ 16. Bd2 Qe5+ 17. Kf2 fxe6 18. Bb4 Qb2+ 19. Bd2 O-O 20. Rc1 e5 21. Re1
exf4 22. Qe2 fxg3+ 23. Kxg3 Qa3+ 24. Kg2 Qd6 25. Rf1 Qxd5+ 26. Kg1 Bf5 27. Rc7
Na6 28. Rxg7+ Kxg7 29. Qe7+ Qf7 30. Qg5+ Qg6 31. Bc3+ Kg8 0-1

[Event "Manitoba Closed"]
[Site "Winnipeg CAN"]
[Date "2023.08.25"]
[Round "1.1"]
[White "Jodar, Marlon"]
[Black "Anderson, Collin"]
[Result "1-0"]
[WhiteElo "2309"]
[BlackElo "2011"]
[PlyCount "75"]
[EventDate "2023.08.25"]
[EventType "swiss"]
[EventRounds "5"]
[EventCountry "CAN"]

1. e4 c5 2. Nf3 Nc6 3. d4 cxd4 4. Nxd4 Nf6 5. Nc3 e5 6. Ndb5 d6 7. Bg5 a6 8.
Na3 b5 9. Nd5 Be7 10. Bxf6 Bxf6 11. c4 b4 12. Nc2 O-O 13. g3 Rb8 14. b3 Bg5 15.
Bg2 a5 16. O-O Ne7 17. f4 Nxd5 18. Qxd5 exf4 19. gxf4 Bf6 20. Rad1 Qb6+ 21. Kh1
Rd8 22. Qd3 Bb7 23. Ne3 g6 24. Ng4 Bg7 25. f5 h5 26. Ne3 Re8 27. fxg6 fxg6 28.
Nd5 Qd8 29. e5 Qg5 30. exd6 Kh8 31. Qg3 Qxg3 32. hxg3 Re2 33. Bf3 Rxa2 34. Ne7
Bxf3+ 35. Rxf3 Re2 36. Nc6 Rbe8 37. d7 Re1+ 38. Rf1 1-0